000 02109nam0a2200349 4500
001 RU\NLR\BIBL_A\022514877
005 20260420042714.0
010 _a978-5-91326-889-1
_9500
021 _aRU
_bКН-П-25-007310
_9КН-П-25-0719
035 _a(NLR Aleph) 022514877
090 _a13671485
_c13671485
100 _a20250407d2024 k y0rusy50 ca
101 0 _arus
102 _aRU
105 _aac z 000zy
181 0 _ai3
_baxxe
182 0 _an
200 1 _aСемья и родительство в отечественных медиа
_eмонография
_fН. О. Автаева
_gМинистерство науки и высшего образования Российской Федерации, Федеральное государственное автономное образовательное учреждение высшего образования "Национальный исследовательский Нижегородский государственный университет им. Н. И. Лобачевского"
203 _aТекст
_bвизуальный
_cнепосредственный
210 _aНижний Новгород
_cИзд-во Нижегородского государственного университета им. Н. И. Лобачевского
_d2024
215 _a223 с.
_cил., цв. ил., портр.
_d21
300 _aНа 223-й с. авт.: Автаева Н. О. - канд. полит. наук, доц., преподаватель
320 _aБиблиогр.: с. 213-222
606 1 _aСредства массовой информации
_xОсвещение вопросов семьи и брака
_92533497
_3RU\NLR\AUTH\6601714157
606 1 _aПедагогическая пропаганда
_91272406
_3RU\NLR\AUTH\66206063
686 1 _aЧ600.0
686 1 _aЧ30х
700 1 _7ca
_8rus
_aАвтаева
_bН. О.
_f1981-
_gНаталия Олеговна
_9228727
_3RU\NLR\AUTH\770228783
942 _cBOOK
980 _aNB